000 00516nam a22001817a 4500
003 OSt
005 20140310182215.0
008 130906t xxu||||| |||| 00| 0 eng d
020 _a0840749511
050 _aBS 425
_b.St82 1985
082 _aHS 220.52033
_bN42 1985
100 _aStrong, James
_916972
245 _aThe New story concordance of the bible /
_cJames Strong.
260 _aNashville, Tennessee :
_bThomas Nelson,
_cc1985.
300 _a749 p. :
_c24 cm.
942 _2lcc
_cHS
999 _c10559
_d10559